000 00510nam a2200181Ia 4500
005 20250317123432.0
008 008 250317s9999 xx 000 0 eng d
037 _aTextbook
040 _aFMSL
_beng
_cFMSL
041 _aeng
_2eng
084 _aD658(2:55) L3
_qFMSL
100 _aFitzerald J M
_9740333
245 0 _aFundamentals of systems analysis
260 _aNY
_bNY, John Wiley
_c1973
300 _a531p
942 _cTB
_hD658(2:55) L3
999 _c1251236
_d1251236